[Event "Cto de Aragon por Equipos Preferente"]
[Site "?"]
[Date "2021.04.10"]
[Round "4.42"]
[White "Gracia Campo, Carlos Alberto"]
[Black "Antonano Fernandez - Quincoce, Avelino"]
[Result "0-1"]
[WhiteElo "2065"]
[BlackElo "2044"]
[PlyCount "116"]
[EventDate "2021.03.13"]
[WhiteTeam "El Olivar B"]
[BlackTeam "MyInvestor Casablanca B"]

1. e4 c5 2. Nf3 g6 3. d4 cxd4 4. Nxd4 Nc6 5. Nc3 Bg7 6. Be3 Nf6 7. f3 O-O 8.
Qd2 d5 9. O-O-O dxe4 10. Nxc6 Qxd2+ 11. Rxd2 bxc6 12. Nxe4 Nd5 13. Bg5 f6 14.
c4 fxg5 15. cxd5 cxd5 16. Rxd5 Be6 17. Rc5 Bxa2 18. Bc4+ Bxc4 19. Rxc4 Rab8 20.
Nc3 Rfc8 21. Rxc8+ Rxc8 22. Kc2 Bxc3 23. bxc3 Rc5 24. Ra1 a5 25. Ra4 Kf7 26.
Re4 Kf6 27. h3 Re5 28. Kb3 Rxe4 29. fxe4 Ke5 30. Ka4 Kxe4 31. Kb5 Kd3 32. c4 a4
33. c5 a3 34. c6 a2 35. c7 a1=Q 36. c8=Q Qb2+ 37. Ka6 Qa3+ 38. Kb7 Qb4+ 39. Ka7
Qa5+ 40. Kb8 Qe5+ 41. Ka7 Qd4+ 42. Kb8 e5 43. Qa6+ Kc3 44. Qa1+ Kc2 45. Qf1 e4
46. Qe2+ Kb3 47. Qg4 Qe5+ 48. Ka7 e3 49. Qd1+ Kb4 50. Qb1+ Kc5 51. Qc2+ Kd6 52.
Qd3+ Ke6 53. Qb3+ Kf6 54. Qg8 Qe7+ 55. Kb8 e2 56. Qh8+ Kf5 57. g4+ Ke4 58. Qa1
Qe5+ 0-1

[Event "Cto de Aragon por Equipos Preferente"]
[Site "?"]
[Date "2021.04.10"]
[Round "4.43"]
[White "Cebollada Pacheco, Jesus Raul"]
[Black "Bailo Remacha, Santiago"]
[Result "0-1"]
[WhiteElo "1970"]
[BlackElo "1948"]
[PlyCount "66"]
[EventDate "2021.03.13"]
[WhiteTeam "MyInvestor Casablanca B"]
[BlackTeam "El Olivar B"]

1. e4 c5 2. Nf3 d6 3. d4 cxd4 4. Nxd4 Nf6 5. Nc3 a6 6. f3 g6 7. Be3 Bg7 8. Qd2
Nc6 9. Bc4 Ne5 10. Bb3 b5 11. Bh6 O-O 12. h4 Qb6 13. Bxg7 Kxg7 14. h5 Nc4 15.
Bxc4 bxc4 16. hxg6 fxg6 17. O-O-O Rb8 18. b3 Qa5 19. Nc6 Qa3+ 20. Kb1 Rb7 21.
e5 dxe5 22. Nxe5 cxb3 23. axb3 Bf5 24. Ne4 Rfb8 25. Nc4 Rxb3+ 26. cxb3 Rxb3+
27. Nb2 Nxe4 28. Rxh7+ Kxh7 29. Rh1+ Kg7 30. Qh6+ Kf6 31. Qh8+ Ke6 32. Qc8+ Ke5
33. f4+ Kxf4 0-1

[Event "Cto de Aragon por Equipos Preferente"]
[Site "?"]
[Date "2021.04.10"]
[Round "4.44"]
[White "Munoz Valles, Jorge"]
[Black "Aso Miranda, Carlos"]
[Result "1-0"]
[WhiteElo "1668"]
[BlackElo "1675"]
[PlyCount "159"]
[EventDate "2021.03.13"]
[WhiteTeam "El Olivar B"]
[BlackTeam "MyInvestor Casablanca B"]

1. d4 Nf6 2. c4 e6 3. Nc3 c5 4. d5 exd5 5. cxd5 d6 6. e4 g6 7. Bf4 Nh5 8. Bd2
Bg7 9. Be2 Nf6 10. Nf3 O-O 11. O-O Re8 12. Bd3 Na6 13. a3 Nc7 14. Rb1 b5 15.
Nxb5 Nxb5 16. Bxb5 Rxe4 17. b4 cxb4 18. Rxb4 Rxb4 19. Bxb4 Bb7 20. Bc6 Rb8 21.
Qd4 a5 22. Bc3 Qc7 23. Rc1 Bxc6 24. dxc6 Qxc6 25. Qd1 Qb6 26. Nd2 Rc8 27. Rb1
Qc5 28. Bb2 Qc2 29. Qe1 Re8 30. Qd1 Qxd1+ 31. Rxd1 Ne4 32. Bxg7 Kxg7 33. Nc4 a4
34. f3 Nc3 35. Rxd6 Re1+ 36. Kf2 Re2+ 37. Kf1 Ra2 38. Ra6 Kf8 39. Ra7 h5 40. h4
f5 41. Kg1 f4 42. Ne5 Rxa3 43. Nxg6+ Kg8 44. Nxf4 Ra1+ 45. Kh2 a3 46. Nd3 a2
47. Nb4 Kf8 48. Ra3 Rb1 49. Nxa2 Nxa2 50. Rxa2 Kg7 51. Ra6 Rb4 52. Kh3 Kh7 53.
Ra3 Kg6 54. g4 Rf4 55. Kg3 Rf6 56. Ra5 hxg4 57. fxg4 Rb6 58. h5+ Kh6 59. Kh4
Kg7 60. Ra4 Rb5 61. g5 Rc5 62. Ra7+ Kg8 63. h6 Rc4+ 64. Kh5 Rc5 65. h7+ Kh8 66.
Ra8+ Kxh7 67. Ra7+ Kg8 68. Kh6 Rc1 69. Ra6 Rh1+ 70. Kg6 Kf8 71. Ra8+ Ke7 72.
Kg7 Ke6 73. Ra7 Rg1 74. g6 Rg2 75. Kh7 Rh2+ 76. Kg8 Kf6 77. g7 Rd2 78. Ra6+ Ke7
79. Kh7 Rh2+ 80. Rh6 1-0

[Event "Cto de Aragon por Equipos Preferente"]
[Site "?"]
[Date "2021.04.10"]
[Round "4.45"]
[White "Olivan Lopez, Dario"]
[Black "Iglesias Fernandez, Luis"]
[Result "1-0"]
[WhiteElo "1910"]
[BlackElo "1847"]
[PlyCount "121"]
[EventDate "2021.03.13"]
[WhiteTeam "Utebo San Lamberto"]
[BlackTeam "Palacio De Pioneros C"]

1. d4 e6 2. e4 d5 3. Bd3 dxe4 4. Bxe4 Nf6 5. Bf3 c5 6. Ne2 e5 7. dxe5 Qxd1+ 8.
Kxd1 Ng4 9. Bxg4 Bxg4 10. f3 Bd7 11. Bf4 Nc6 12. Nbc3 O-O-O 13. Kc1 Re8 14. Ne4
Nxe5 15. N2c3 h6 16. Rd1 Bc6 17. b3 f5 18. Nd6+ Bxd6 19. Rxd6 g5 20. Bxe5 Rxe5
21. Rg6 Re1+ 22. Kb2 Rxa1 23. Kxa1 Rh7 24. Kb2 Kc7 25. Nd1 f4 26. Nf2 Bb5 27.
Ne4 Bf1 28. g3 fxg3 29. hxg3 Bg2 30. Nxc5 Bxf3 31. Ne6+ Kc8 32. Rg8+ Kd7 33.
Nf8+ Ke7 34. Nxh7 Be4 35. Rg7+ Ke6 36. Nf8+ Kf5 37. c4 Kg4 38. Ne6 Kxg3 39.
Nxg5 hxg5 40. Rxg5+ Kf4 41. Rg1 Ke5 42. Rd1 Ke6 43. Kc3 Bf3 44. Rd2 Ke7 45. b4
Bg4 46. a4 Bd7 47. b5 Kd8 48. c5 Kc7 49. Kb4 Be8 50. Rh2 Bd7 51. Rh7 Kc8 52. a5
a6 53. bxa6 bxa6 54. Rh6 Kb7 55. Rb6+ Ka7 56. c6 Bc8 57. Kc5 Ka8 58. Rb2 Ka7
59. Rh2 Kb8 60. Rh7 Ka8 61. Kb6 1-0

[Event "Cto de Aragon por Equipos Preferente"]
[Site "?"]
[Date "2021.04.10"]
[Round "4.46"]
[White "Sanjuan Segura, Ignacio"]
[Black "Lopez Guaita, Fernando"]
[Result "0-1"]
[WhiteElo "1694"]
[BlackElo "1830"]
[PlyCount "86"]
[EventDate "2021.03.13"]
[WhiteTeam "Palacio De Pioneros C"]
[BlackTeam "Utebo San Lamberto"]

1. d4 d5 2. Nf3 Nf6 3. Bf4 e6 4. e3 c5 5. c3 Nc6 6. Nbd2 Bd6 7. Ne5 Qc7 8. Ndf3
cxd4 9. exd4 Ne4 10. Bb5 O-O 11. Qa4 Bd7 12. O-O a6 13. Bxc6 Bxc6 14. Nxc6 Bxf4
15. Nce5 Ng5 16. Nxg5 Bxg5 17. f4 b5 18. Qd1 Be7 19. Rf3 Bd6 20. Rh3 Bxe5 21.
fxe5 f5 22. exf6 Rxf6 23. Qe2 Raf8 24. Re3 Qf7 25. Rb1 Rf2 26. Qd3 Qf4 27. Rxe6
Rd2 28. Qe3 Rxb2 29. Re1 Rxa2 30. h3 Qf2+ 31. Qxf2 Rfxf2 32. Rd6 Rxg2+ 33. Kh1
Rh2+ 34. Kg1 Rxh3 35. Rxd5 Rxc3 36. Rd7 h5 37. d5 Rd2 38. d6 Rg3+ 39. Kf1 Rg6
40. Rd8+ Kh7 41. d7 Rgd6 42. Re7 b4 43. Ree8 Rxd7 0-1

[Event "Cto de Aragon por Equipos Preferente"]
[Site "?"]
[Date "2021.04.10"]
[Round "4.47"]
[White "Orti Stock, Carlos"]
[Black "Vicente Gomez, Lorien"]
[Result "1/2-1/2"]
[WhiteElo "1826"]
[BlackElo "1502"]
[PlyCount "56"]
[EventDate "2021.03.13"]
[WhiteTeam "Utebo San Lamberto"]
[BlackTeam "Palacio De Pioneros C"]

1. b3 Nf6 2. Bb2 g6 3. Bxf6 exf6 4. c4 d5 5. cxd5 Qxd5 6. Nc3 Qa5 7. e3 Bb4 8.
Qc2 O-O 9. h4 Rd8 10. a3 Bf5 11. Qb2 Bxc3 12. Qxc3 Qxc3 13. dxc3 Bc2 14. b4 Nc6
15. Nf3 Ne5 16. Nd4 Ba4 17. Be2 c5 18. bxc5 Rac8 19. Rb1 Rxc5 20. Rxb7 Rxc3 21.
O-O Nc6 22. Nxc6 Bxc6 23. Rc7 Rd7 24. Rc8+ Kg7 25. Bf3 Rd6 26. Rc7 Rc2 27. Bxc6
Rdxc6 28. Rxa7 Ra2 1/2-1/2

[Event "Cto de Aragon por Equipos Preferente"]
[Site "?"]
[Date "2021.04.10"]
[Round "4.48"]
[White "Crespo Laborda, Alberto"]
[Black "Arias Alvarez, Alberto"]
[Result "1/2-1/2"]
[WhiteElo "1487"]
[BlackElo "1717"]
[PlyCount "100"]
[EventDate "2021.03.13"]
[WhiteTeam "Palacio De Pioneros C"]
[BlackTeam "Utebo San Lamberto"]

1. d4 Nf6 2. Nf3 e6 3. e3 c5 4. b3 cxd4 5. exd4 Bb4+ 6. c3 Be7 7. Bf4 Nc6 8.
Bd3 Nd5 9. Bg3 a6 10. O-O O-O 11. a3 f5 12. c4 Nf6 13. d5 exd5 14. cxd5 Nxd5
15. Bc4 f4 16. Qxd5+ Kh8 17. Nbd2 fxg3 18. hxg3 Qa5 19. Qxa5 Nxa5 20. b4 Nxc4
21. Nxc4 b5 22. Nb6 Rb8 23. Nd5 Bd8 24. Ne5 Bf6 25. Nxf6 Rxf6 26. Rfd1 d6 27.
Nc6 Rb6 28. Ne7 Bb7 29. Nd5 Bxd5 30. Rxd5 Kg8 31. Re1 Kf7 32. f4 Rc6 33. Rd3 h6
34. Kf2 g5 35. Kf3 h5 36. Rd5 Kg6 37. Rxg5+ Kh6 38. Re3 Rc4 39. Re8 Rc3+ 40.
Re3 Rc4 41. Re8 Rc3+ 42. Ke4 Kh7 43. Rxh5+ Kg6 44. Rg5+ Kf7 45. Reg8 Re6+ 46.
Kd5 Rd3+ 47. Kc6 d5+ 48. Kd7 Re7+ 49. Kd8 Ree3 50. g4 Rxa3 1/2-1/2

[Event "ARA Cto de Aragon por Equipos Division "]
[Site "Aragon"]
[Date "2021.04.17"]
[Round "5.1"]
[White "Cifuentes Parada, Roberto"]
[Black "Lopez Gracia, Fernando"]
[Result "1/2-1/2"]
[WhiteElo "2429"]
[BlackElo "2299"]
[PlyCount "88"]
[EventDate "2021.03.13"]
[WhiteTeam "Jaque Pirenauto"]
[BlackTeam "Ibercaja"]

1. d4 Nf6 2. Nf3 g6 3. c4 Bg7 4. Nc3 O-O 5. Bg5 c5 6. Qd2 cxd4 7. Nxd4 Nc6 8.
e3 Nxd4 9. exd4 d5 10. Bxf6 Bxf6 11. Nxd5 Bg7 12. Rd1 Qd6 13. Be2 Rd8 14. O-O
e6 15. Nc3 Bxd4 16. Qg5 Bd7 17. Rd3 Bc6 18. Rfd1 e5 19. Bf3 Qc5 20. Bd5 Bxc3
21. bxc3 Re8 22. h4 Bxd5 23. Rxd5 Qxc4 24. Rd7 Qf4 25. Qxf4 exf4 26. Rxb7 Rad8
27. Rxd8 Rxd8 28. Rxa7 Rd1+ 29. Kh2 Rd2 30. f3 Rc2 31. a4 Rxc3 32. Re7 Ra3 33.
Re4 h5 34. Rxf4 Ra2 35. Kh3 Kg7 36. g4 hxg4+ 37. fxg4 Ra3+ 38. Kg2 g5 39. hxg5
Kg6 40. Kf2 Kxg5 41. Rb4 f5 42. gxf5 Kxf5 43. Ke2 Ke5 44. Kd2 Kd5 1/2-1/2

[Event "ARA Cto de Aragon por Equipos Division "]
[Site "Aragon"]
[Date "2021.04.17"]
[Round "5.2"]
[White "Torcal Miguel, Oscar"]
[Black "Escartin Lacasa, Jose"]
[Result "0-1"]
[WhiteElo "2101"]
[BlackElo "2111"]
[PlyCount "126"]
[EventDate "2021.03.13"]
[WhiteTeam "Ibercaja"]
[BlackTeam "Jaque Pirenauto"]

1. e4 c5 2. Nf3 e6 3. d3 Nc6 4. g3 d5 5. Qe2 Nf6 6. Bg2 Be7 7. O-O O-O 8. e5
Nd7 9. c4 dxc4 10. dxc4 Qc7 11. Bf4 Nd4 12. Nxd4 cxd4 13. Rd1 g5 14. Bxg5 Bxg5
15. Qg4 Qxe5 16. f4 Qg7 17. fxg5 e5 18. Qh5 Nc5 19. Nd2 a5 20. Rf1 Ra6 21. b3
Bd7 22. Rae1 Bc6 23. Rf6 Bxg2 24. Kxg2 Nd3 25. Re4 Nf4+ 26. gxf4 Rxf6 27. fxe5
Rg6 28. Nf3 Rd8 29. Qg4 d3 30. Rd4 Qf8 31. h4 h5 32. Qe4 Rxd4 33. Qxd4 Qa3 34.
Qxd3 Qxa2+ 35. Kg3 Qb2 36. Qd8+ Kg7 37. Nd4 Qc3+ 38. Kf2 Qd2+ 39. Kf3 Qd3+ 40.
Kf2 Qe4 41. Nf3 a4 42. bxa4 Qxc4 43. Nd4 Qxa4 44. e6 Qa2+ 45. Kf3 Rxe6 46.
Nxe6+ Qxe6 47. Qd4+ Kh7 48. Qd3+ Qg6 49. Qb3 Qf5+ 50. Kg2 b5 51. Qa3 Qg4+ 52.
Kf1 Qxh4 53. Qd3+ Kg7 54. Qxb5 Qf4+ 55. Kg2 h4 56. Qd5 Qg4+ 57. Kh2 h3 58. Qe5+
Kh7 59. g6+ Kxg6 60. Qd6+ Kg7 61. Qe5+ Kh7 62. Qd5 Qg2+ 63. Qxg2 hxg2 0-1

[Event "ARA Cto de Aragon por Equipos Division "]
[Site "Aragon"]
[Date "2021.04.17"]
[Round "5.3"]
[White "Ereza Vizcarra, Fernando"]
[Black "Villalba Embid, Marcos"]
[Result "1/2-1/2"]
[WhiteElo "2103"]
[BlackElo "2020"]
[PlyCount "49"]
[EventDate "2021.03.13"]
[WhiteTeam "Jaque Pirenauto"]
[BlackTeam "Ibercaja"]

1. d4 Nf6 2. c4 g6 3. Nc3 Bg7 4. e4 d6 5. f4 O-O 6. Nf3 c5 7. dxc5 Qa5 8. Bd3
Qxc5 9. Qe2 Nc6 10. Be3 Qa5 11. Rc1 a6 12. h3 b5 13. O-O Nb4 14. Nd4 Nxd3 15.
Qxd3 bxc4 16. Qxc4 Bb7 17. b4 Qh5 18. Qd3 Rad8 19. Bf2 e5 20. Nde2 exf4 21.
Nxf4 Qe5 22. Bd4 Qg5 23. Be3 Qe5 24. Bd4 Qg5 25. Be3 1/2-1/2

[Event "ARA Cto de Aragon por Equipos Division "]
[Site "Aragon"]
[Date "2021.04.17"]
[Round "5.4"]
[White "Forcen Esteban, Daniel"]
[Black "Salamero Pelay, Fernando"]
[Result "1-0"]
[WhiteElo "2558"]
[BlackElo "2059"]
[PlyCount "57"]
[EventDate "2021.03.13"]
[WhiteTeam "Jaime Casas"]
[BlackTeam "Atletismo Huesca"]

1. d4 g6 2. e4 Bg7 3. Nc3 a6 4. f4 b5 5. Nf3 Bb7 6. Bd3 d6 7. O-O Nd7 8. e5 e6
9. Ne4 d5 10. Ned2 c5 11. dxc5 Nxc5 12. Nb3 Nxb3 13. axb3 h5 14. Be3 Nh6 15. h3
Bf8 16. Qd2 Rc8 17. b4 Be7 18. Nd4 Nf5 19. Bxf5 gxf5 20. c3 Bh4 21. Kh2 Rg8 22.
Rf3 Qc7 23. Bf2 Bd8 24. Rg3 Rxg3 25. Bxg3 Qc4 26. Qd1 h4 27. Bf2 Bb6 28. Qh5
Qd3 29. Qh7 1-0

[Event "ARA Cto de Aragon por Equipos Division "]
[Site "Aragon"]
[Date "2021.04.17"]
[Round "5.5"]
[White "Gella Lopez, Angel"]
[Black "Ramiro Ovejero, Juan Luis"]
[Result "0-1"]
[WhiteElo "2032"]
[BlackElo "2345"]
[PlyCount "112"]
[EventDate "2021.03.13"]
[WhiteTeam "Atletismo Huesca"]
[BlackTeam "Jaime Casas"]

1. d4 e6 2. c4 Nf6 3. g3 Be7 4. Bg2 O-O 5. Nf3 b6 6. Ne5 d5 7. O-O Bb7 8. Nc3
Na6 9. cxd5 exd5 10. Bg5 c5 11. e3 Ne4 12. Bxe7 Qxe7 13. Nxe4 dxe4 14. Qa4 Nc7
15. Rac1 f6 16. Qd7 Qd8 17. Qxd8 Raxd8 18. Nc4 cxd4 19. exd4 Ne6 20. Rfe1 f5
21. Ne5 Rxd4 22. Red1 Rfd8 23. Rxd4 Rxd4 24. Bf1 Kf8 25. Bc4 Ke7 26. Nc6+ Bxc6
27. Bxe6 Kxe6 28. Rxc6+ Rd6 29. Rc7 Rd1+ 30. Kg2 Rd2 31. Kf1 Rxb2 32. Rxa7 Kf6
33. a4 h6 34. a5 bxa5 35. Rxa5 e3 36. Ra6+ Kg5 37. h4+ Kg4 38. Ra4+ Kh3 39.
fxe3 Kxg3 40. Rf4 Rh2 41. Rxf5 Rxh4 42. Ke2 g5 43. Kd3 Rh1 44. e4 Kg4 45. Rf2
h5 46. Re2 h4 47. e5 Rd1+ 48. Ke4 h3 49. e6 Rd8 50. Ke5 Kf3 51. Re4 h2 52. Re1
g4 53. Kf6 g3 54. Kf7 g2 55. e7 Rd7 56. Ke6 Rxe7+ 0-1

[Event "ARA Cto de Aragon por Equipos Division "]
[Site "Aragon"]
[Date "2021.04.17"]
[Round "5.6"]
[White "Fontana Sotomayor, Luis Javier"]
[Black "Laplaza Ara, Carlos"]
[Result "1-0"]
[WhiteElo "2271"]
[BlackElo "1928"]
[PlyCount "81"]
[EventDate "2021.03.13"]
[WhiteTeam "Jaime Casas"]
[BlackTeam "Atletismo Huesca"]

1. d4 Nf6 2. Nf3 d5 3. e3 e6 4. Bd3 Be7 5. O-O O-O 6. Nbd2 c5 7. b3 Nc6 8. Bb2
b6 9. a3 Bb7 10. Qe2 Qc7 11. dxc5 bxc5 12. e4 d4 13. g3 e5 14. Nh4 g6 15. f4
exf4 16. Rxf4 Nh5 17. Ng2 Ne5 18. Rf2 Bc8 19. Nc4 Bg4 20. Qf1 Be6 21. Nxe5 Qxe5
22. Nf4 Ng7 23. Qe2 h5 24. Bc4 Bxc4 25. Qxc4 Ne6 26. Nd3 Qc7 27. Bc1 Bg5 28.
Bxg5 Nxg5 29. Re2 Ne6 30. Rf1 Rac8 31. e5 Qc6 32. Rf6 Qd7 33. h4 Rc6 34. Ref2
Kg7 35. Kh2 Qc7 36. Re2 Qd7 37. Nf2 Nc7 38. Ne4 Ne6 39. Ref2 Qc7 40. Qd5 Rd8
41. Rxf7+ 1-0

[Event "ARA Cto de Aragon por Equipos Division "]
[Site "Aragon"]
[Date "2021.04.17"]
[Round "5.7"]
[White "Vinuales Ferro, Antonio"]
[Black "Maza Broto, Pablo"]
[Result "1/2-1/2"]
[WhiteElo "1626"]
[BlackElo "2026"]
[PlyCount "66"]
[EventDate "2021.03.13"]
[WhiteTeam "Atletismo Huesca"]
[BlackTeam "Jaime Casas"]

1. b4 d5 2. Bb2 c6 3. e3 Nf6 4. c4 Bf5 5. Be2 e6 6. a3 Be7 7. Nf3 O-O 8. O-O a5
9. b5 Nbd7 10. Nh4 Bxb1 11. Rxb1 dxc4 12. Bxc4 Nb6 13. Be2 cxb5 14. Bxb5 Qd5
15. a4 Rfd8 16. Bxf6 Bxf6 17. Nf3 Rac8 18. Be2 Nc4 19. Bxc4 Rxc4 20. Rb5 Rc5
21. Rxc5 Qxc5 22. Qb3 Rd7 23. d4 Qb4 24. Rb1 Rc7 25. Kf1 Be7 26. Qxb4 axb4 27.
Ne5 Rc3 28. Nd7 Ra3 29. Nc5 b6 30. Nd7 Rxa4 31. Nxb6 Ra2 32. Nd7 Ra3 33. Nc5
Bxc5 1/2-1/2

[Event "ARA Cto de Aragon por Equipos Division "]
[Site "Aragon"]
[Date "2021.04.17"]
[Round "5.8"]
[White "Pellicer Cerezuela, Miguel"]
[Black "Adla, Diego"]
[Result "0-1"]
[WhiteElo "2029"]
[BlackElo "2425"]
[PlyCount "138"]
[EventDate "2021.03.13"]
[WhiteTeam "L'Aurora"]
[BlackTeam "MyInvestor Casablanca"]

1. d4 d5 2. c4 e6 3. Nc3 a6 4. Nf3 dxc4 5. a4 c5 6. e3 Nf6 7. Bxc4 cxd4 8. exd4
Be7 9. O-O O-O 10. d5 Qc7 11. Qb3 e5 12. Bg5 Bg4 13. Bxf6 Bxf6 14. Nd2 Nd7 15.
Nce4 Bd8 16. Qg3 Bf5 17. Rac1 Qb6 18. Rc3 Qh6 19. Qe3 Qxe3 20. fxe3 Bg6 21. b4
a5 22. b5 Bb6 23. Kh1 h6 24. Bb3 Rac8 25. Rfc1 Rxc3 26. Rxc3 f5 27. Nd6 Rb8 28.
e4 fxe4 29. N6xe4 Rf8 30. g3 Kh7 31. Kg2 Nf6 32. Nxf6+ Rxf6 33. Rf3 Rd6 34. Rf8
Bd4 35. Kf3 b6 36. Ne4 Rd7 37. d6 Bxe4+ 38. Kxe4 Rxd6 39. Bg8+ Kg6 40. Bf7+ Kg5
41. Bb3 Bb2 42. h3 Rd4+ 43. Ke3 Bc1+ 44. Ke2 Rd2+ 45. Ke1 Rd3 46. Bc2 Rxg3 47.
Rf5+ Kh4 48. Rxe5 Rxh3 49. Re4+ Kg5 50. Kf1 Rf3+ 51. Kg2 Re3 52. Rc4 Bb2 53.
Bd1 Re6 54. Bf3 h5 55. Rc2 Bd4 56. Rd2 Rd6 57. Re2 g6 58. Re8 Bc5 59. Be4 Rf6
60. Kg3 Kh6 61. Rh8+ Kg7 62. Re8 g5 63. Bd5 Bd6+ 64. Kg2 g4 65. Be4 h4 66. Bd3
h3+ 67. Kh1 g3 68. Re3 g2+ 69. Kg1 Bc5 0-1

[Event "ARA Cto de Aragon por Equipos Division "]
[Site "Aragon"]
[Date "2021.04.17"]
[Round "5.9"]
[White "Glavina, Pablo"]
[Black "Pellicer Cemeli, Jose Luis"]
[Result "1-0"]
[WhiteElo "2410"]
[BlackElo "1972"]
[PlyCount "165"]
[EventDate "2021.03.13"]
[WhiteTeam "MyInvestor Casablanca"]
[BlackTeam "L'Aurora"]

1. Nf3 c5 2. e4 g6 3. c3 Bg7 4. d4 cxd4 5. cxd4 Nf6 6. Nc3 d6 7. Bb5+ Bd7 8. e5
dxe5 9. dxe5 Ng4 10. e6 Bxc3+ 11. bxc3 fxe6 12. Qa4 Bxb5 13. Qxb5+ Qd7 14. Qe2
Nc6 15. O-O O-O-O 16. h3 Nf6 17. c4 Nd4 18. Nxd4 Qxd4 19. Qxe6+ Rd7 20. Be3 Qe4
21. Qxe4 Nxe4 22. Bxa7 b5 23. Rfe1 Rxa7 24. Rxe4 bxc4 25. Rxc4+ Kd7 26. Rd1+
Ke6 27. a4 Rb8 28. Rf4 h5 29. Re1+ Kd7 30. Re5 Rb6 31. Rfe4 Ke8 32. Re6 Rb1+
33. Kh2 Kf7 34. Rc6 Ra1 35. Rcc4 Ra5 36. Rc7 R1xa4 37. Rexe7+ Kf6 38. Rf7+ Ke5
39. Rce7+ Kd6 40. Re3 g5 41. Rg7 Rf4 42. Rg6+ Kd7 43. Rb3 Ke7 44. Rb7+ Kf8 45.
Rc6 Rf7 46. Rcc7 Rxc7 47. Rxc7 Rf5 48. Kg1 h4 49. Ra7 Re5 50. f4 gxf4 51. Rh7
Rf5 52. Rxh4 Kg7 53. Kf2 Kg6 54. Kf3 Kg5 55. Rg4+ Kh5 56. Rxf4 Ra5 57. Re4 Rf5+
58. Kg3 Rg5+ 59. Rg4 Ra5 60. Rh4+ Kg5 61. Rf4 Ra3+ 62. Rf3 Ra2 63. h4+ Kg6 64.
Kh3 Ra1 65. Kg4 Rg1 66. g3 Kh6 67. h5 Rg2 68. Rf6+ Kg7 69. Ra6 Rb2 70. Kh4 Rb5
71. g4 Rc5 72. h6+ Kh7 73. g5 Rc1 74. Ra7+ Kh8 75. Kh5 Rc5 76. Kg6 Rc6+ 77. Kf7
Rb6 78. Re7 Kh7 79. Re6 Rb7+ 80. Kf6 Rb8 81. Re7+ Kh8 82. g6 Rg8 83. Rh7# 1-0

[Event "ARA Cto de Aragon por Equipos Division "]
[Site "Aragon"]
[Date "2021.04.17"]
[Round "5.10"]
[White "Fuentes Espuna, Juan Antonio"]
[Black "Vela Frago, Alberto"]
[Result "0-1"]
[WhiteElo "1977"]
[BlackElo "2065"]
[PlyCount "131"]
[EventDate "2021.03.13"]
[WhiteTeam "L'Aurora"]
[BlackTeam "MyInvestor Casablanca"]

1. d4 Nf6 2. Nc3 d5 3. Bg5 g6 4. e3 Bg7 5. Bd3 c6 6. Nf3 Nbd7 7. h4 b6 8. e4
dxe4 9. Nxe4 h6 10. Bd2 Bb7 11. Qe2 Nxe4 12. Bxe4 Qc7 13. O-O-O O-O-O 14. Qc4
e6 15. g3 b5 16. Qb3 Nf6 17. Bf4 Qa5 18. Bd3 Nd5 19. Be5 f6 20. Bf4 g5 21. Bd2
Qb6 22. Rhe1 Kd7 23. Re2 a5 24. c4 bxc4 25. Qxc4 Rb8 26. Bc3 Ra8 27. Qc5 Ba6
28. Qxb6 Nxb6 29. Bxa6 Rxa6 30. Rde1 Re8 31. hxg5 hxg5 32. Nd2 Bf8 33. Rh1 Raa8
34. Ne4 Nd5 35. Rh7+ Kc8 36. Rf7 Be7 37. Nc5 Bxc5 38. dxc5 e5 39. Kc2 a4 40.
Re4 Kd8 41. Kd3 Re7 42. Rf8+ Re8 43. Rxe8+ Kxe8 44. Bd2 Kd7 45. f4 exf4 46.
gxf4 g4 47. Be1 a3 48. b3 Rh8 49. Ra4 Rh1 50. Ra7+ Ke6 51. Bd2 Ne7 52. Ke4 Rh2
53. Bb4 f5+ 54. Kd3 Nd5 55. Bd2 g3 56. Rg7 Nf6 57. Rxg3 Rxd2+ 58. Kc4 Rxa2 59.
b4 Ra1 60. Rd3 Ne4 61. Kb3 a2 62. Rh3 Rb1+ 63. Kxa2 Rxb4 64. Rh6+ Kd5 65. Rh5
Ke6 66. Ka3 0-1

[Event "ARA Cto de Aragon por Equipos Division "]
[Site "Aragon"]
[Date "2021.04.17"]
[Round "5.11"]
[White "Aranaz Murillo, Amalia"]
[Black "Lana Rodriguez, David"]
[Result "0-1"]
[WhiteElo "2224"]
[BlackElo "2361"]
[PlyCount "88"]
[EventDate "2021.03.13"]
[WhiteTeam "Palacio de Pioneros B"]
[BlackTeam "Agrupacion"]

1. Nf3 d5 2. g3 c5 3. Bg2 Nc6 4. d4 Nf6 5. O-O e6 6. c4 Be7 7. cxd5 exd5 8. Nc3
c4 9. Bg5 O-O 10. Ne5 Be6 11. e3 h6 12. Bxf6 Bxf6 13. f4 Bxe5 14. fxe5 a6 15.
Qf3 Ne7 16. e4 dxe4 17. Qxe4 Qb6 18. Qxb7 Qxd4+ 19. Kh1 Ra7 20. Qe4 Qxe4 21.
Bxe4 Rb8 22. Rf2 Rd7 23. Kg2 Rc8 24. Kf3 Rc5 25. Re1 Kf8 26. Bc2 Nc6 27. Kg2
Rxe5 28. Rxe5 Nxe5 29. Be4 Rd4 30. Bb7 Nd3 31. Re2 Rd6 32. Be4 Nc5 33. Bf3 Rb6
34. Nd5 Rb8 35. Nc3 Nd3 36. Nd1 Nc1 37. Re5 Nxa2 38. Ra5 Nb4 39. Be2 Rb6 40.
Kf3 Nc6 41. Ra4 Nd4+ 42. Ke3 Nxe2 43. Kxe2 Bg4+ 44. Kd2 Rd6+ 0-1

[Event "ARA Cto de Aragon por Equipos Division "]
[Site "Aragon"]
[Date "2021.04.17"]
[Round "5.12"]
[White "Remiro Juste, Fernando Jose"]
[Black "Zambrana Petisme, Ramiro"]
[Result "1-0"]
[WhiteElo "2199"]
[BlackElo "2102"]
[PlyCount "57"]
[EventDate "2021.03.13"]
[WhiteTeam "Agrupacion"]
[BlackTeam "Palacio de Pioneros B"]

1. d4 Nf6 2. Bg5 Ne4 3. Bf4 c5 4. f3 Qa5+ 5. c3 Nf6 6. d5 d6 7. e4 g6 8. Na3
Nbd7 9. Nc4 Qc7 10. a4 a6 11. Bd3 Rb8 12. Ne2 Bg7 13. O-O Nh5 14. Bg5 h6 15.
Be3 Ne5 16. Nxe5 Bxe5 17. Qd2 Bg7 18. Ra2 b6 19. b4 g5 20. a5 b5 21. f4 gxf4
22. Nxf4 Nxf4 23. Bxf4 Bd7 24. Rc2 h5 25. Qf2 Bf6 26. bxc5 Qxa5 27. Bxd6 b4 28.
Bxb8 b3 29. Rcc1 1-0

[Event "ARA Cto de Aragon por Equipos Division "]
[Site "Aragon"]
[Date "2021.04.17"]
[Round "5.13"]
[White "Sacristan Latorre, Alberto"]
[Black "Moreno Martin-Viveros, Alvaro"]
[Result "0-1"]
[WhiteElo "2114"]
[BlackElo "2151"]
[PlyCount "114"]
[EventDate "2021.03.13"]
[WhiteTeam "Palacio de Pioneros B"]
[BlackTeam "Agrupacion"]

1. e4 e6 2. c4 d5 3. cxd5 exd5 4. exd5 Nf6 5. Bb5+ Nbd7 6. Nc3 Be7 7. Nf3 O-O
8. O-O a6 9. Be2 Nb6 10. d4 Nbxd5 11. Bg5 Be6 12. Ne5 Re8 13. Re1 c6 14. a3 Qc7
15. Bf3 Rad8 16. Qc2 Qb6 17. Red1 a5 18. Na4 Qc7 19. Rac1 Nd7 20. Bxe7 Rxe7 21.
Nxd7 Rdxd7 22. Nc5 Rd8 23. Nxe6 Rxe6 24. Re1 Red6 25. Qc5 g6 26. Re5 b6 27. Qc4
Ne7 28. d5 c5 29. Rce1 Nf5 30. g3 Nd4 31. Bg2 Qd7 32. Qc1 Kg7 33. Qf4 Rf6 34.
Qe4 Qb5 35. Rb1 Qb3 36. f4 Rfd6 37. Qe3 Qxe3+ 38. Rxe3 b5 39. Kf1 c4 40. Rd1
Nf5 41. Re2 Kf6 42. g4 Nh4 43. Bh1 h5 44. h3 hxg4 45. hxg4 g5 46. f5 Rc8 47.
Rc1 Rh8 48. Kf2 Rd7 49. Rce1 Rd6 50. Re7 Nxf5 51. Rb7 Nd4 52. Ree7 Rxh1 53.
Rxf7+ Ke5 54. Rg7 Kf4 55. Rbe7 Rh2+ 56. Kg1 Re2 57. Rc7 Kg3 0-1

[Event "ARA Cto de Aragon por Equipos Division "]
[Site "Aragon"]
[Date "2021.04.17"]
[Round "5.14"]
[White "Lacruz Algarate, Alvaro"]
[Black "Castillo Sanjuan, Daniel"]
[Result "1-0"]
[WhiteElo "2097"]
[BlackElo "1965"]
[PlyCount "89"]
[EventDate "2021.03.13"]
[WhiteTeam "Agrupacion"]
[BlackTeam "Palacio de Pioneros B"]

1. e4 e5 2. Nf3 Nc6 3. Bc4 Bc5 4. c3 Nf6 5. d4 exd4 6. cxd4 Bb4+ 7. Bd2 Bxd2+
8. Nbxd2 d6 9. e5 dxe5 10. Nxe5 Nxe5 11. dxe5 Nd7 12. O-O O-O 13. e6 fxe6 14.
Bxe6+ Kh8 15. Nf3 Nc5 16. Qxd8 Rxd8 17. Bc4 Be6 18. Bxe6 Nxe6 19. Rfe1 Nd4 20.
Nxd4 Rxd4 21. Re7 Rc8 22. Rae1 Kg8 23. g3 Kf8 24. R1e2 h6 25. Kg2 b6 26. f4 a5
27. f5 Rd6 28. Kf3 c5 29. Rb7 Rf6 30. g4 g5 31. Ree7 c4 32. Ke4 a4 33. Rh7 Kg8
34. Rbg7+ Kf8 35. Ra7 Kg8 36. Rhb7 Rfc6 37. Rxa4 Rd6 38. Raa7 Re8+ 39. Re7 Red8
40. Rg7+ Kf8 41. Raf7+ Ke8 42. f6 R8d7 43. Rxd7 Rxd7 44. Rxd7 Kxd7 45. Kd5 1-0